| 000 | 00424nam a2200169Ia 4500 | ||
|---|---|---|---|
| 008 | 220204s9999 xx 000 0 und d | ||
| 082 |
_a31:631 _bPAN |
||
| 100 | _aPanse, V G | ||
| 245 | 0 | _aStatistical methods for agricultural workers | |
| 260 |
_aDelhi _bICAR _c1985 |
||
| 650 | _aCorrelation | ||
| 650 | _aExperimental design | ||
| 650 | _aRegression | ||
| 650 | _aSampling | ||
| 700 | _aSukhatme, P V | ||
| 942 | _cBK | ||
| 999 |
_c39519 _d39519 |
||